[Event "Titled Tue 24th Jun Late"]
[Site "chess.com INT"]
[Date "2025.06.24"]
[Round "6"]
[White "Atoyan, Alberto"]
[Black "Sprenar, Petr"]
[Result "1-0"]
[WhiteTitle "CM"]
[BlackTitle "FM"]
[WhiteElo "2266"]
[BlackElo "2318"]
[WhiteFideId "13314831"]
[BlackFideId "397164"]
[EventDate "2025.06.24"]

1. e4 c5 2. d4 cxd4 3. Qxd4 Nc6 4. Qd3 e6 5. Nc3 a6 6. Bf4 d6 7. Nf3 Nf6 8. Rd1
e5 9. Bg5 Be6 10. Be2 h6 11. Bxf6 Qxf6 12. Nd5 Qd8 13. O-O g6 14. c3 Bg7 15. Nd2
b5 16. a4 Rb8 17. axb5 axb5 18. Ra1 O-O 19. Ra6 Bd7 20. Nb3 Re8 21. Rfa1 Bf8 22.
Na5 Nxa5 23. R6xa5 Bc6 24. h3 Bg7 25. Ra6 Qd7 26. Nb4 Bb7 27. Rxd6 Qe7 28. Rd7
Qg5 29. Ra7 Bc8 30. Rxf7 Bf8 31. Nd5 Be6 32. Nf6+ 1-0

[Event "Titled Tue 24th Jun Late"]
[Site "chess.com INT"]
[Date "2025.06.24"]
[Round "6"]
[White "Askarov, Bakhtiyar"]
[Black "Krishnakumar, Sriram"]
[Result "1-0"]
[WhiteTitle "IM"]
[BlackTitle "FM"]
[WhiteElo "2297"]
[BlackElo "2197"]
[WhiteFideId "13701100"]
[BlackFideId "30915856"]
[EventDate "2025.06.24"]

1. c4 c6 2. Nf3 d5 3. g3 Nf6 4. Bg2 e6 5. O-O Be7 6. b3 O-O 7. Bb2 b6 8. d3 Bb7
9. e3 Nbd7 10. Nbd2 Rc8 11. Qe2 Re8 12. Rfd1 Bb4 13. a3 Bf8 14. e4 e5 15. Rac1
d4 16. Nh4 a5 17. Rf1 g6 18. Rce1 Bg7 19. Bc1 Qe7 20. Kh1 c5 21. Bh3 Ra8 22. a4
Nf8 23. Ng2 Rad8 24. f4 exf4 25. Nxf4 h6 26. Qf2 N6d7 27. Nd5 Bxd5 28. cxd5 Ne5
29. Qe2 g5 30. Nc4 Nxc4 31. bxc4 Ng6 32. Bd2 Rd6 33. Rb1 Ne5 34. Rb3 Qc7 35. Bf5
Rf8 36. Rfb1 f6 37. Qh5 Rfd8 38. Kg2 Ra8 39. R1b2 Rf8 40. Qd1 Rfd8 41. Qb1 h5
42. Rxb6 Rxb6 43. Rxb6 h4 44. Rb7 Qd6 45. Qd1 g4 46. Bxg4 Nxd3 47. Be6+ Kf8 48.
Qh5 1-0

[Event "Titled Tue 24th Jun Late"]
[Site "chess.com INT"]
[Date "2025.06.24"]
[Round "6"]
[White "Khenkin, Igor"]
[Black "Khanbutaev, Artemii"]
[Result "0-1"]
[WhiteTitle "GM"]
[WhiteElo "2499"]
[BlackElo "2139"]
[WhiteFideId "4659600"]
[BlackFideId "55747175"]
[EventDate "2025.06.24"]

1. e4 e5 2. Nf3 Nc6 3. Bc4 Nf6 4. d3 Bc5 5. Nc3 d6 6. Bg5 h6 7. Bxf6 Qxf6 8. Nd5
Qd8 9. c3 a6 10. d4 Ba7 11. dxe5 Be6 12. exd6 Qxd6 13. Qe2 O-O-O 14. O-O-O Kb8
15. Bb3 Rhe8 16. Rhe1 Qc5 17. Ne3 Bxb3 18. axb3 Rxd1+ 19. Rxd1 Rxe4 20. Qd3 Re8
21. Qd7 Qe7 22. Nf5 Qxd7 23. Rxd7 g6 24. Nxh6 f5 25. Rd2 Kc8 26. Nf7 Re7 27.
N7g5 b5 28. Kd1 a5 29. Re2 Rd7+ 30. Kc2 a4 31. b4 Kb7 32. Nh3 Rh7 33. Nhg5 Rh5
34. h4 Rh8 35. g3 Bb6 36. Nh3 Ra8 37. Nf4 Rg8 38. Nd3 Nd8 39. Re6 Nxe6 0-1

[Event "Titled Tue 24th Jun Late"]
[Site "chess.com INT"]
[Date "2025.06.24"]
[Round "6"]
[White "Yao, Hanchi"]
[Black "Cernov, Henrik"]
[Result "1-0"]
[BlackTitle "FM"]
[WhiteElo "2129"]
[BlackElo "2325"]
[WhiteFideId "30957397"]
[BlackFideId "16258312"]
[EventDate "2025.06.24"]

1. d4 Nf6 2. c4 Nc6 3. Nf3 e6 4. Nc3 Bb4 5. Qc2 O-O 6. e4 d6 7. e5 dxe5 8. dxe5
Nd7 9. Bf4 a5 10. Be2 h6 11. h4 f5 12. O-O-O Bxc3 13. Qxc3 Qe7 14. Rhg1 Nb4 15.
Kb1 Nc5 16. g4 Ne4 17. Qe3 Kh7 18. g5 Qc5 19. gxh6 gxh6 20. Bxh6 Qxe3 21. Bxe3
f4 22. a3 fxe3 23. fxe3 Kh8 24. axb4 axb4 25. Rd4 Nc5 26. Rdg4 Nb3 27. Kc2 Na1+
28. Kb1 Nb3 29. Bd1 Bd7 30. Bxb3 Rxf3 31. Bc2 Rf7 32. Rg5 1-0

[Event "Titled Tue 24th Jun Late"]
[Site "chess.com INT"]
[Date "2025.06.24"]
[Round "6"]
[White "Melillo, Lucius"]
[Black "Lugo, Blas"]
[Result "1-0"]
[WhiteTitle "FM"]
[BlackTitle "IM"]
[WhiteElo "2170"]
[BlackElo "2399"]
[WhiteFideId "30958245"]
[BlackFideId "2011263"]
[EventDate "2025.06.24"]

1. d4 d5 2. Nc3 Nf6 3. Bf4 c5 4. e3 Nc6 5. Nb5 e5 6. dxe5 Ne4 7. Qxd5 Qa5+ 8. c3
Bf5 9. Nd6+ Bxd6 10. exd6 Nxc3 11. Qd2 Nd5 12. Qxa5 Nxa5 13. Bg3 O-O-O 14. a3
Nb3 15. Rd1 Nf6 16. Bd3 Ne4 17. Ne2 Nxg3 18. hxg3 Bxd3 19. Rxd3 c4 20. Rc3 b5
21. a4 a6 22. axb5 axb5 23. Rh5 Rxd6 24. Rxb5 Rc6 25. Rbxb3 Rd8 26. Rb4 Rcd6 27.
Rbxc4+ Kb7 28. Rd4 Rxd4 29. Nxd4 Ra8 30. Rb3+ 1-0

[Event "Titled Tue 24th Jun Late"]
[Site "chess.com INT"]
[Date "2025.06.24"]
[Round "6"]
[White "Zhou, Abigail"]
[Black "Brozynski, Patryk"]
[Result "1-0"]
[WhiteTitle "WCM"]
[BlackTitle "CM"]
[WhiteElo "1780"]
[BlackElo "2192"]
[WhiteFideId "39922081"]
[BlackFideId "2512700"]
[EventDate "2025.06.24"]

1. e4 e6 2. d4 d5 3. Nc3 dxe4 4. Nxe4 Nd7 5. Nf3 Ngf6 6. Nxf6+ Nxf6 7. c3 Bd6 8.
Bd3 b6 9. O-O Bb7 10. Bg5 h6 11. Bh4 O-O 12. Ne5 Bxe5 13. dxe5 Qd5 14. f3 Qxe5
15. Re1 Qf4 16. Bg3 Qg5 17. Re5 Rad8 18. Rxg5 hxg5 19. Qc2 Nd5 20. Be4 f5 21.
Bxd5 Rxd5 22. Bxc7 Rc8 23. Bg3 Rcd8 24. Qe2 e5 25. Qc2 f4 26. Be1 Rd3 27. Qb3+
Kh8 28. Qf7 R3d7 29. Qh5+ Kg8 30. Qxg5 Rd5 31. c4 Rd4 32. Bc3 R4d7 33. Qxe5 Rc8
34. Qe6+ Rf7 35. Rd1 Rf8 36. Bb4 Rc8 37. Rd7 Rf8 38. Bxf8 1-0

[Event "Titled Tue 24th Jun Late"]
[Site "chess.com INT"]
[Date "2025.06.24"]
[Round "6"]
[White "Bongo Akanga Ndjila, Barthelemy"]
[Black "Mekhane, Adam"]
[Result "0-1"]
[WhiteTitle "CM"]
[BlackTitle "FM"]
[WhiteElo "1847"]
[BlackElo "2361"]
[WhiteFideId "10609431"]
[BlackFideId "36050601"]
[EventDate "2025.06.24"]

1. d4 Nf6 2. Nf3 g6 3. e3 Bg7 4. Bd3 O-O 5. O-O b6 6. e4 d6 7. c3 Bb7 8. Re1
Nbd7 9. Bg5 e5 10. d5 h6 11. Be3 Nh5 12. h3 Qe8 13. Qd2 Kh7 14. Na3 Nc5 15. Nc2
f5 16. exf5 gxf5 17. Qd1 Nxd3 18. Qxd3 e4 19. Qd1 exf3 20. Qxf3 Qg6 21. Nd4 Nf6
22. Ne6 Rf7 23. Nf4 Qg5 24. c4 Bh8 25. Rad1 Rg8 26. g3 Bc8 27. Kh2 Qg7 28. b4
Re8 29. Bd4 Rxe1 30. Rxe1 Re7 31. Rd1 Qg5 32. Be3 Rxe3 33. Qxe3 Ne4 34. Rg1 Be5
35. f3 Nxg3 36. Ne2 Qxe3 0-1

[Event "Titled Tue 24th Jun Late"]
[Site "chess.com INT"]
[Date "2025.06.24"]
[Round "6"]
[White "Saya, Ethan"]
[Black "Zdorov, Egor Vit"]
[Result "0-1"]
[WhiteTitle "FM"]
[BlackTitle "CM"]
[WhiteElo "2262"]
[BlackElo "2101"]
[WhiteFideId "26095181"]
[BlackFideId "55688560"]
[EventDate "2025.06.24"]

1. e4 e5 2. Nf3 Nc6 3. Bc4 Bc5 4. c3 Nf6 5. d3 O-O 6. Bb3 d5 7. Qe2 Bg4 8. Bg5
dxe4 9. dxe4 Be7 10. Nbd2 Nh5 11. Bxe7 Nxe7 12. g3 Nf6 13. h3 Bxf3 14. Qxf3 c6
15. Rd1 Qb6 16. O-O a5 17. Nc4 Qc7 18. Nd6 Rad8 19. Nf5 Nxf5 20. Qxf5 Qe7 21.
Kg2 g6 22. Qf3 Rxd1 23. Rxd1 Rd8 24. h4 h5 25. Rd3 Kg7 26. a3 Rd6 27. Qd1 Nxe4
28. Rxd6 Nxd6 29. Qe2 e4 30. Qe3 Nf5 31. Qb6 e3 32. fxe3 Nxe3+ 33. Kf3 Nf5 34.
Qf2 Qe5 35. Bc2 Qd5+ 36. Be4 Qd1+ 37. Kg2 Nxh4+ 38. gxh4 Qg4+ 39. Kf1 Qxe4 40.
Qb6 Qh1+ 41. Ke2 Qh2+ 42. Kd3 Qxh4 43. Qxb7 Qg3+ 44. Kc2 Qg2+ 45. Kb3 h4 46. Qa7
Qd5+ 47. Kc2 h3 48. Qc7 Qg2+ 49. Kb3 h2 50. Qe5+ Kh7 51. Qf4 Qd5+ 52. c4 h1=Q
53. cxd5 Qxd5+ 54. Ka4 Qb5# 0-1

[Event "Titled Tue 24th Jun Late"]
[Site "chess.com INT"]
[Date "2025.06.24"]
[Round "6"]
[White "Myagmarsuren, Evsuld"]
[Black "Kucza, Karol"]
[Result "0-1"]
[WhiteTitle "FM"]
[BlackTitle "FM"]
[WhiteElo "2292"]
[BlackElo "2316"]
[WhiteFideId "1551639"]
[BlackFideId "1159755"]
[EventDate "2025.06.24"]

1. c4 Nf6 2. Nf3 e6 3. g3 d5 4. Bg2 d4 5. O-O c5 6. e3 Nc6 7. exd4 cxd4 8. d3
Be7 9. Bg5 O-O 10. Bxf6 Bxf6 11. Nbd2 e5 12. a3 a5 13. Ne4 Be7 14. h4 Qc7 15.
Ne1 f5 16. Nd2 Be6 17. Nc2 Rad8 18. Rb1 e4 19. dxe4 f4 20. e5 d3 21. Ne1 Nxe5
22. Qb3 fxg3 23. fxg3 Bc5+ 24. Kh1 Ng4 25. Nef3 Qxg3 26. Ne4 Qc7 27. Nxc5 Rxf3 0-1

[Event "Titled Tue 24th Jun Late"]
[Site "chess.com INT"]
[Date "2025.06.24"]
[Round "6"]
[White "Zilberstein, Dmitry"]
[Black "Van der Werf, Mark"]
[Result "1-0"]
[WhiteTitle "IM"]
[BlackTitle "IM"]
[WhiteElo "2358"]
[BlackElo "2390"]
[WhiteFideId "2010739"]
[BlackFideId "1000470"]
[EventDate "2025.06.24"]

1. d4 Nf6 2. Nf3 e6 3. c4 d5 4. Nc3 Be7 5. Bg5 Nbd7 6. cxd5 Nxd5 7. Bxe7 Qxe7 8.
e4 Nxc3 9. bxc3 O-O 10. Be2 e5 11. Qd3 exd4 12. cxd4 Nf6 13. e5 Nd5 14. Qd2 c5
15. dxc5 Qxc5 16. Rc1 Qb4 17. Qxb4 Nxb4 18. a3 Nd5 19. O-O Nf4 20. Bc4 Be6 21.
Rfd1 Rac8 22. Bf1 Bb3 23. Rxc8 Rxc8 24. Rb1 Bd5 25. Nd4 g6 26. g3 Ne6 27. Nb5
Rc2 28. Rd1 Bc6 29. Nxa7 Bf3 30. Rd3 Be4 31. Re3 Nc5 32. Nb5 Rc1 33. Rc3 Rxc3
34. Nxc3 Bc6 35. f4 Kf8 36. Kf2 Ke7 37. Ke3 f6 38. Bc4 fxe5 39. fxe5 g5 40. Kd4
Ne6+ 41. Bxe6 Kxe6 42. Ne4 Kf5 43. Nf6 h6 44. Ng8 h5 45. Ne7+ 1-0

[Event "Titled Tue 24th Jun Late"]
[Site "chess.com INT"]
[Date "2025.06.24"]
[Round "6"]
[White "Smieszek, Wojciech"]
[Black "Sturt, Raven"]
[Result "1-0"]
[WhiteTitle "CM"]
[BlackTitle "GM"]
[WhiteElo "2141"]
[BlackElo "2459"]
[WhiteFideId "1156047"]
[BlackFideId "2007304"]
[EventDate "2025.06.24"]

1. e4 e5 2. Nf3 Nc6 3. Bb5 Nd4 4. Nxd4 exd4 5. O-O c6 6. Ba4 Nf6 7. d3 d5 8. Nd2
a5 9. a3 b5 10. Bb3 a4 11. Ba2 Bg4 12. f3 Be6 13. f4 Ng4 14. f5 Ne3 15. Qf3 Bc8
16. exd5 cxd5 17. Ne4 Nxf1 18. Bxd5 Ra6 19. Bg5 f6 20. Qh5+ Kd7 21. Be6+ Kc6 22.
Qf3 fxg5 23. Nxg5+ Kb6 24. Nf7 Nxh2 25. Kxh2 Qh4+ 26. Kg1 Bb7 27. Bd5 Bxd5 28.
Qxd5 Ka5 29. b4+ axb3 30. a4 Kb4 31. Qxb3+ Kc5 32. Qxb5# 1-0

[Event "Titled Tue 24th Jun Late"]
[Site "chess.com INT"]
[Date "2025.06.24"]
[Round "6"]
[White "Zieba, Hubert"]
[Black "Sheehan, Ethan"]
[Result "1-0"]
[WhiteTitle "CM"]
[WhiteElo "2233"]
[BlackElo "2364"]
[WhiteFideId "21844704"]
[BlackFideId "30943965"]
[EventDate "2025.06.24"]

1. d4 f6 2. c4 e6 3. g3 Bb4+ 4. Bd2 Bxd2+ 5. Qxd2 Ne7 6. Bg2 O-O 7. Nf3 d6 8.
O-O e5 9. Nc3 c6 10. Rad1 Qc7 11. b3 Bg4 12. h3 Bh5 13. dxe5 dxe5 14. Ne4 Na6
15. Qd6 Rad8 16. Qxc7 Nxc7 17. Nc5 b6 18. Na4 e4 19. Nd4 c5 20. Nc2 f5 21. Nc3
Nc6 22. Ne3 Bg6 23. Ned5 Nxd5 24. Nxd5 Bf7 25. Nc3 g6 26. Rxd8 Rxd8 27. Rd1
Rxd1+ 28. Nxd1 Kg7 29. Kf1 Kf6 30. Ke1 Ke5 31. Kd2 g5 32. Nc3 Bg6 33. e3 f4 34.
exf4+ gxf4 35. gxf4+ Kxf4 36. Ne2+ Ke5 37. Ke3 Nb4 38. Nc3 Nc2+ 39. Kd2 Nd4 40.
Ke3 Nf5+ 41. Ke2 Nd6 42. Ke3 a6 43. Na4 Nc8 44. f4+ exf3 45. Bxf3 Be8 46. Bg4
Bxa4 47. Bxc8 Bc6 48. Bxa6 Be4 49. a3 Bf5 50. h4 Be6 51. b4 Bf5 52. bxc5 bxc5
53. Bb5 Kd6 54. a4 Kc7 55. a5 1-0

[Event "Titled Tue 24th Jun Late"]
[Site "chess.com INT"]
[Date "2025.06.24"]
[Round "6"]
[White "Ferriz Barrios, Andres"]
[Black "Oluka Robert Mcligeyo"]
[Result "1-0"]
[WhiteTitle "FM"]
[BlackTitle "CM"]
[WhiteElo "2102"]
[BlackElo "2061"]
[WhiteFideId "5104467"]
[BlackFideId "10814647"]
[EventDate "2025.06.24"]

1. d4 d5 2. c4 e6 3. Nc3 Nf6 4. Bg5 Be7 5. e3 O-O 6. cxd5 exd5 7. Qc2 c6 8. Bd3
h6 9. Bh4 Ne8 10. Bg3 Nd6 11. Nge2 Re8 12. O-O Bf8 13. Rfe1 a5 14. a4 Na6 15.
Bxa6 Rxa6 16. Nf4 Bf5 17. Qc1 Ne4 18. f3 Nxc3 19. bxc3 Rb6 20. Qd2 Rb3 21. Nd3
Qb6 22. Ne5 Rb2 23. Qc1 Rc2 24. Rb1 Qa6 25. Qd1 Rxc3 26. e4 dxe4 27. fxe4 Be6
28. Rf1 Bc4 29. Qh5 Re7 30. Bh4 g6 31. Nxg6 fxg6 32. Rxf8+ Kxf8 33. Qxh6+ Ke8
34. Bxe7 1-0

[Event "Titled Tue 24th Jun Late"]
[Site "chess.com INT"]
[Date "2025.06.24"]
[Round "6"]
[White "Vakhidov, Jakhongir"]
[Black "Borisek, Jure"]
[Result "1-0"]
[WhiteTitle "GM"]
[BlackTitle "GM"]
[WhiteElo "2539"]
[BlackElo "2558"]
[WhiteFideId "14201801"]
[BlackFideId "14603152"]
[EventDate "2025.06.24"]

1. c4 c5 2. g3 g6 3. Bg2 Bg7 4. Nc3 Nc6 5. Nf3 d6 6. O-O Nf6 7. d4 cxd4 8. Nxd4
Bd7 9. c5 dxc5 10. Nxc6 Bxc6 11. Bxc6+ bxc6 12. Qc2 O-O 13. Na4 Nd5 14. Nxc5 a5
15. a3 Qc7 16. e4 Nb6 17. Bf4 Qa7 18. Rac1 a4 19. Rfd1 Rfc8 20. h4 h5 21. Rd3
Qa5 22. Bd2 Qb5 23. Bb4 Rd8 24. Kg2 e6 25. Rxd8+ Rxd8 26. Nb7 Rd4 27. Qxc6 Qxc6
28. Rxc6 Nd7 29. f3 Rd3 30. Rc2 Ne5 31. Rf2 Nc4 32. Nc5 Ne3+ 33. Kh2 Rd1 34. Re2
Bd4 35. Nxa4 Nf1+ 36. Kh3 Ne3 37. Bc5 Bxc5 38. Nxc5 Rh1+ 39. Rh2 Rf1 40. a4 Rxf3
41. a5 Rf1 42. b3 Ra1 43. Na4 Rb1 44. a6 Rxb3 45. a7 1-0

[Event "Titled Tue 24th Jun Late"]
[Site "chess.com INT"]
[Date "2025.06.24"]
[Round "6"]
[White "Povshednyi, Ivan"]
[Black "Becking, Stephan"]
[Result "1-0"]
[WhiteTitle "FM"]
[BlackTitle "IM"]
[WhiteElo "2309"]
[BlackElo "2410"]
[WhiteFideId "14190907"]
[BlackFideId "4632478"]
[EventDate "2025.06.24"]

1. Nf3 d5 2. g3 c6 3. c4 Nf6 4. Bg2 a6 5. O-O e6 6. d4 Be7 7. Qc2 O-O 8. Nbd2 b5
9. c5 Nbd7 10. e4 dxe4 11. Nxe4 Nd5 12. Bg5 f6 13. Bd2 e5 14. Rfe1 Kh8 15. Rad1
Qc7 16. Nc3 Nxc3 17. Bxc3 exd4 18. Rxe7 dxc3 19. Qxc3 Qb8 20. Rdxd7 Bxd7 21.
Rxd7 Rd8 22. Rxd8+ Qxd8 23. Nd4 Rc8 24. Bxc6 Qe7 25. b4 Qe5 26. Qe3 Qh5 27. Bf3
Qg6 28. Kg2 Qb1 29. Qe6 Rf8 30. c6 Qc1 31. Qd6 Rc8 32. Qc5 Qxc5 33. bxc5 g6 34.
Bd5 Kg7 35. Be6 Rc7 36. Bd7 Kf7 37. Ne6 Rxc6 38. Bxc6 Kxe6 39. Kf3 Ke5 40. Ke3
b4 41. f4+ Ke6 42. Kd4 a5 43. Kc4 b3 44. axb3 g5 45. b4 axb4 46. Kxb4 gxf4 47.
gxf4 Kf5 48. Bd7+ Kxf4 49. c6 Ke3 50. c7 f5 51. c8=Q f4 52. Qc3+ Ke4 53. Bc6+
Kf5 54. Qd3+ Kg4 55. Qxh7 Kg5 56. Qg7+ Kf5 57. h4 f3 58. Bxf3 Kf4 59. Qg5+ 1-0

[Event "Titled Tue 24th Jun Late"]
[Site "chess.com INT"]
[Date "2025.06.24"]
[Round "6"]
[White "Bustelo, Tabare"]
[Black "Jasinski, Alexander"]
[Result "0-1"]
[WhiteTitle "CM"]
[WhiteElo "2043"]
[BlackElo "1989"]
[WhiteFideId "3000362"]
[BlackFideId "55627994"]
[EventDate "2025.06.24"]

1. d4 Nf6 2. Bg5 Ne4 3. h4 g6 4. f3 Nxg5 5. hxg5 e6 6. Nh3 Nc6 7. Qd2 d5 8. f4
h6 9. gxh6 Rxh6 10. e3 Bd7 11. Nc3 Qf6 12. g4 Qh8 13. O-O-O O-O-O 14. Bg2 Bb4
15. a3 Bxc3 16. Qxc3 Ne7 17. Ng5 Rxh1 18. Rxh1 Qg8 19. Qb4 Nc6 20. Qa4 f6 21.
Nf3 e5 22. fxe5 fxe5 23. g5 exd4 24. exd4 Kb8 25. Kb1 Qf7 26. Rf1 Qg7 27. Qb5
Bf5 28. Qe2 Nxd4 29. Nxd4 Qxd4 30. Rd1 Qc5 31. Rxd5 Rxd5 32. Qe8+ Bc8 33. Bh3
Rd1+ 34. Ka2 Qc4+ 35. b3 Qxc2# 0-1

[Event "Titled Tue 24th Jun Late"]
[Site "chess.com INT"]
[Date "2025.06.24"]
[Round "6"]
[White "Levano Loayza, Adriano Jaffet"]
[Black "Miserendino, Alfredo"]
[Result "1-0"]
[WhiteTitle "CM"]
[WhiteElo "2023"]
[BlackElo "2032"]
[WhiteFideId "3865584"]
[BlackFideId "101800"]
[EventDate "2025.06.24"]

1. d4 c5 2. d5 e6 3. c4 b5 4. cxb5 a6 5. e4 Bb7 6. Nc3 exd5 7. exd5 Bd6 8. Nf3
Ne7 9. bxa6 Bxa6 10. Bxa6 Nxa6 11. O-O O-O 12. Nb5 Bb8 13. Bg5 h6 14. Bh4 g5 15.
Bg3 Bxg3 16. hxg3 d6 17. Nc3 Nb4 18. a3 Na6 19. Qd3 Ng6 20. Rfe1 Nc7 21. Qf5 Re8
22. Ne4 Kg7 23. Re3 Rb8 24. b3 Nb5 25. Rae1 Rb7 26. a4 Nd4 27. Nxd4 cxd4 28. Rd3
Rc7 29. Rxd4 Rc3 30. Nxc3 Rxe1+ 31. Kh2 Qf6 32. Qxf6+ Kxf6 33. b4 Ne5 34. b5 h5
35. f3 Rc1 36. Ne4+ Kg6 37. Nxd6 Rc2 38. Kh3 f5 39. g4 1-0

[Event "Titled Tue 24th Jun Late"]
[Site "chess.com INT"]
[Date "2025.06.24"]
[Round "6"]
[White "Sanal, Vahap"]
[Black "Rajaram, Rohan"]
[Result "1-0"]
[WhiteTitle "GM"]
[BlackTitle "CM"]
[WhiteElo "2564"]
[BlackElo "2164"]
[WhiteFideId "6300545"]
[BlackFideId "30940729"]
[EventDate "2025.06.24"]

1. e4 c5 2. Nf3 e6 3. c3 d5 4. exd5 exd5 5. d4 Nf6 6. Bb5+ Bd7 7. Bxd7+ Nbxd7 8.
O-O Be7 9. dxc5 Nxc5 10. Nbd2 O-O 11. Nb3 Ne6 12. Re1 Bd6 13. h3 Ne4 14. Be3 Kh8
15. Nbd4 Qf6 16. Nb5 Rfd8 17. Nxd6 Rxd6 18. Nd4 Nxd4 19. Bxd4 Qg6 20. f3 Ng5 21.
Kf1 Ne6 22. Qd2 h6 23. Re2 Ng5 24. Rae1 Re6 25. Bf2 Rxe2 26. Qxe2 Ne6 27. Qd2 a6
28. Re5 Rd8 29. a3 Qb1+ 30. Re1 Qg6 31. h4 Qf6 32. Rd1 Qe7 33. g3 Qd7 34. Kg2
Qc6 35. Bd4 Nxd4 36. Qxd4 Re8 37. Rd2 Qe6 38. b4 Qe1 39. Qxd5 Re2+ 40. Rxe2
Qxe2+ 41. Kh3 Qe7 42. c4 Qc7 43. c5 Qc8+ 44. Kg2 Qc7 45. h5 Kh7 46. Qe4+ Kh8 47.
Qd5 Kh7 48. a4 Qe7 49. Qe4+ Qxe4 50. fxe4 Kg8 51. b5 axb5 52. axb5 Kf8 53. c6
bxc6 54. b6 1-0

[Event "Titled Tue 24th Jun Late"]
[Site "chess.com INT"]
[Date "2025.06.24"]
[Round "6"]
[White "Christiansen, Johan-Sebastian"]
[Black "Tan, Zhongyi"]
[Result "0-1"]
[WhiteTitle "GM"]
[BlackTitle "GM"]
[WhiteElo "2642"]
[BlackElo "2546"]
[WhiteFideId "1512668"]
[BlackFideId "8603642"]
[EventDate "2025.06.24"]

1. e4 e5 2. Nf3 Nc6 3. Nc3 Nf6 4. a3 d5 5. Bb5 dxe4 6. Nxe5 Bd7 7. Bxc6 Bxc6 8.
Nxc6 bxc6 9. Qe2 Qe7 10. O-O Qe6 11. Re1 O-O-O 12. Nxe4 Nxe4 13. Qxe4 Qf6 14.
Qc4 Bd6 15. d3 Rhe8 16. Be3 Re6 17. Bxa7 Qxb2 18. Rab1 Rde8 19. Be3 Qxa3 20. g3
Kd7 21. Rb7 Qa5 22. Reb1 Qd5 23. Qg4 g6 24. c4 Qe5 25. c5 Be7 26. d4 Qe4 27. Qd1
Bd8 28. R1b4 Qd5 29. Rb8 Rxe3 30. fxe3 Rxe3 31. Qg4+ f5 32. Rxd8+ Kxd8 33. Qg5+
Re7 34. Qf4 Qa2 35. d5 Re1+ 0-1

[Event "Titled Tue 24th Jun Late"]
[Site "chess.com INT"]
[Date "2025.06.24"]
[Round "6"]
[White "Ribeiro, Gustavo"]
[Black "Zhigalko, Sergei"]
[Result "0-1"]
[WhiteTitle "FM"]
[BlackTitle "GM"]
[WhiteElo "2314"]
[BlackElo "2572"]
[WhiteFideId "1941852"]
[BlackFideId "13502956"]
[EventDate "2025.06.24"]

1. Nf3 d5 2. g3 c6 3. Bg2 Bg4 4. O-O e6 5. b3 Nf6 6. Bb2 Be7 7. d3 O-O 8. Nbd2
a5 9. h3 Bh5 10. a4 Na6 11. e4 Nb4 12. Re1 Qb6 13. Rc1 Na2 14. Ra1 Nb4 15. Rc1
Rfd8 16. Qe2 Rac8 17. g4 Bg6 18. Ne5 Na2 19. Rcd1 Bb4 20. Nxg6 hxg6 21. Qf3 Nc3
22. Rc1 dxe4 23. Nxe4 Ncxe4 24. dxe4 Bxe1 25. Rxe1 Rd2 26. Re2 Rcd8 27. Bc3 Rxe2
28. Qxe2 Qc5 29. Qe1 b6 30. Bf3 e5 31. Qa1 Ne8 32. Qb2 Nc7 33. Bxe5 Rd2 34. Bg3
Ne6 35. Qe5 Qxe5 36. Bxe5 Rxc2 37. Kg2 Ng5 38. Bd1 Rd2 39. Bf4 Rxd1 40. Bxg5 Rd3 0-1

[Event "Titled Tue 24th Jun Late"]
[Site "chess.com INT"]
[Date "2025.06.24"]
[Round "6"]
[White "Shapiro, Daniel"]
[Black "Hansen, Eric"]
[Result "0-1"]
[WhiteTitle "FM"]
[BlackTitle "GM"]
[WhiteElo "2284"]
[BlackElo "2609"]
[WhiteFideId "2001780"]
[BlackFideId "2606771"]
[EventDate "2025.06.24"]

1. d4 Nf6 2. c4 g6 3. Nc3 d5 4. Nf3 Bg7 5. Qb3 dxc4 6. Qxc4 O-O 7. e4 Bg4 8. Be2
Nfd7 9. Be3 Nc6 10. O-O-O Nb6 11. Qc5 Bxf3 12. gxf3 e5 13. dxe5 Qh4 14. f4 Bh6
15. f5 Qxf2 16. Rd3 Nd7 17. Qxf8+ Nxf8 18. Bxh6 Nxe5 19. Rg3 Qc5 20. Kb1 c6 21.
h4 f6 22. Rhg1 Rd8 23. Be3 Qa5 24. fxg6 hxg6 25. Bd1 Kh7 26. Bb3 Rd3 27. Bc1
Rxg3 28. Rxg3 Qd8 29. Kc2 a5 30. a3 b5 31. Bf4 a4 32. Ba2 Qd4 33. Bxe5 Qxe5 34.
Rd3 Qh2+ 35. Kb1 Qxh4 36. Bf7 Qh2 37. Rd8 Kg7 38. Be8 Qc7 39. Ra8 Ne6 0-1

[Event "Titled Tue 24th Jun Late"]
[Site "chess.com INT"]
[Date "2025.06.24"]
[Round "6"]
[White "Bogaudinov, Rushan"]
[Black "Lortkipanidze, Nodar"]
[Result "0-1"]
[WhiteTitle "FM"]
[BlackTitle "IM"]
[WhiteElo "1912"]
[BlackElo "2359"]
[WhiteFideId "4129288"]
[BlackFideId "13604058"]
[EventDate "2025.06.24"]

1. e4 c5 2. Nc3 d6 3. g3 Nc6 4. Bg2 g6 5. d3 Bg7 6. f4 Rb8 7. a4 a6 8. Nf3 b5 9.
axb5 axb5 10. O-O b4 11. Ne2 Nf6 12. h3 O-O 13. g4 Bb7 14. Ng3 Ra8 15. Be3 Nd7
16. Rxa8 Qxa8 17. b3 Qa2 18. Qe2 Nd4 19. Bxd4 cxd4 20. f5 Rc8 21. Rf2 Ne5 22.
fxg6 hxg6 23. Ne1 Bh6 24. Nf1 Qa1 25. Bf3 Qc1 26. Kg2 Be3 27. Nxe3 dxe3 28. Rf1
g5 29. Kg3 Qd2 30. Qd1 Ng6 31. Be2 Nf4 32. Rxf4 gxf4+ 33. Kxf4 d5 34. e5 d4 35.
g5 Kg7 36. Bg4 Qxd1 37. Bxd1 Ra8 38. Nf3 Ra1 39. Be2 Bxf3 40. Kxf3 Re1 41. h4 e6
42. h5 Kh7 0-1

[Event "Titled Tue 24th Jun Late"]
[Site "chess.com INT"]
[Date "2025.06.24"]
[Round "6"]
[White "Risteski, Emil"]
[Black "Jumabayev, Rinat"]
[Result "0-1"]
[WhiteTitle "IM"]
[BlackTitle "GM"]
[WhiteElo "2374"]
[BlackElo "2546"]
[WhiteFideId "15005267"]
[BlackFideId "13702661"]
[EventDate "2025.06.24"]

1. e4 c5 2. Nc3 e6 3. Nf3 a6 4. g3 b5 5. d4 cxd4 6. Nxd4 Bb7 7. Bg2 b4 8. Na4
Nf6 9. c4 Bxe4 10. Bxe4 Nxe4 11. Qf3 d5 12. O-O Nf6 13. Bg5 Be7 14. Rfd1 O-O 15.
Rac1 Ra7 16. c5 Ne4 17. Bf4 Qa5 18. b3 Bg5 19. Bxb8 Rxb8 20. Nc6 Qc7 21. Nxb8
Bxc1 22. Rxc1 Qxb8 23. c6 Rc7 24. Qe3 h6 25. f3 Nd6 26. Qc5 Nc8 27. Kf2 Qb5 28.
Qxb5 axb5 29. Nb2 Ne7 30. Nd3 Rxc6 31. Re1 Rc2+ 32. Re2 Rxe2+ 33. Kxe2 Nc6 34.
Ke3 f6 35. f4 Kf7 0-1